| 000 | 00532nam a2200205Ia 4500 | ||
|---|---|---|---|
| 003 | OSt | ||
| 005 | 20220926044759.0 | ||
| 006 | a|||||r|||| 00| 0 | ||
| 007 | ta | ||
| 008 | 220923b |||||||| |||| 00| 0 eng d | ||
| 037 | _cGeneral Book | ||
| 040 |
_aRTL _cRTL _beng |
||
| 041 |
_2eng _aeng |
||
| 082 | _aX71.2 | ||
| 245 | 0 | _aFinance (No. 2) bill 1967 | |
| 300 |
_a213p _ccm. |
||
| 500 | _aAs passed by the houses of parilament lok sabha on 28th july 1967 | ||
| 942 |
_hX71.2 _cGB _2CC |
||
| 999 |
_c675841 _d675841 |
||